[Event "Stay Safe Play From Home 364"]
[Site "Emanuel Lasker Arena"]
[Date "2020.08.07"]
[Round "2"]
[White "SoulofWolf"]
[Black "Stefanone"]
[Result "1-0"]
[WhiteElo "2264"]
[BlackElo "1955"]
[Annotator "TA"]
[PlyCount "93"]
[EventDate "2020.08.07"]
[EventType "swiss (blitz)"]

{[%evp 9,93,48,47,39,59,62,130,-31,39,11,20,5,28,12,18,-58,21,25,30,17,53,-262,-279,-257,-188,-200,-201,-265,-198,-214,-200,-395,-368,-299,-143,-289,-267,-310,-247,-256,-258,-452,-410,-598,-387,-661,-244,-245,0,-1078,-1058,-1127,-1127,-1504,-1061,-1521,-1217,-1166,-212,-1113,-1104,-2031,-1785,-1818,-1086,-1448,-1400,-1932,-1857,-2102,-2073,-1989,-1914,-2249,-2425,-3335,-3125,-29987,-29988,-29986,-1665,-29991,-29992,-29992,-29991,-29993]} 1. e4 d6 2. Nc3 g6 3. d4 Bg7 4. f3 Nc6 5. Be3 e5 6. d5 {B06: Modern Defence.} Nd4 7. Nge2 {[#]} c5 $146 (7... Nxe2 $14 8. Qxe2 (8. Bxe2 f5 $11) 8... a6) ({Predecessor:} 7... Nxe2 8. Bxe2 Bh6 9. Bb5+ Bd7 10. Bxd7+ Qxd7 11. Bxh6 Nxh6 12. Qd2 Ng8 13. O-O Kf8 {1-0 (41) Wittmann,M (2257)-Goasdoue,V (2187) France 2004}) 8. Ng3 $2 (8. dxc6 $1 $16 Nxc6 9. Nb5) 8... Ne7 (8... f5 $15 9. Bf2 h5) 9. Bd3 (9. Nb1 $5 {[%cal Rc2c3]}) 9... O-O 10. O-O f5 11. exf5 gxf5 12. Bf2 ({White should play} 12. Nh5 $11) 12... f4 (12... Ng6 $15) 13. Nge4 $11 Bf5 14. Nb5 Bxe4 {[%mdl 64] Overworked Piece} 15. Bxe4 $4 {[%mdl 8192]} (15. fxe4 $14 {was forced to keep a grip.} Nxb5 16. Bxb5) 15... Nxb5 $19 16. Qd3 a6 17. Bxh7+ Kh8 18. c3 Qe8 19. g4 fxg3 20. Bxg3 $2 (20. hxg3 c4 21. Qc2) 20... Qh5 21. Be4 Bf6 (21... Bh6 $19 {...Nf5 is the strong threat.} 22. Kh1 Nf5) 22. Rf2 (22. f4 $17 {might work better.}) 22... Rg8 23. Rg2 Bh4 24. a4 Nc7 25. Qe3 $2 (25. b4 {was worth a try.}) 25... Bg5 26. Qf2 (26. Qd3 $142) 26... Bf4 27. Kf1 $2 (27. c4) 27... Bxg3 $2 (27... Ncxd5 28. Re1 Qh6 29. Bxf4 Nxf4) 28. hxg3 {Threatens to win with Rh2.} Qh1+ $2 ({But not} 28... Ncxd5 $2 29. Rh2 $18) (28... Kg7 $1 $19 29. Rh2 Qg5 30. Rh7+ Kf8) 29. Ke2 $2 {[%mdl 8192]} (29. Rg1 $11 Qh5 30. Ke2) 29... Qxa1 {[%mdl 64] Double Attack} 30. Rh2+ Kg7 {White must now prevent ...Rh8.} 31. Kd3 Qxa4 {aiming for ...Rh8.} 32. Qe3 Qb5+ 33. Kc2 c4 $2 (33... Rh8 34. Qg5+ Kf7 $1 {[%mdl 512]}) 34. Qh6+ $2 (34. Rh7+ Kf8 35. Qh6+ Ke8 36. Qxd6) 34... Kf7 35. Rh5 Qb3+ 36. Kc1 Rg7 37. Bc2 Qa2 38. f4 Qa1+ 39. Kd2 Qxb2 40. fxe5 dxe5 41. Rxe5 Ng6 42. Rf5+ Kg8 43. Qe3 Re8 44. Qf3 Qb6 (44... Ne5 $142 45. d6 Nxf3+ 46. Rxf3 Nd5 47. Rf1 Qxc3+ 48. Kd1 {[#]} Ne3+ $1 {[%mdl 576] Double Attack} 49. Ke2 Qxc2+ 50. Kf3 Rf7#) 45. Rf8+ Rxf8 46. Qg4 Qf2+ 47. Qe2 {[%mdl 32768] Accuracy: White = 25%, Black = 38%. . Loss on time!?} 1-0

[Event "Stay Safe Play From Home 364"]
[Site "Emanuel Lasker Arena"]
[Date "2020.08.07"]
[Round "2"]
[White "Little champs"]
[Black "Padmaesh M K"]
[Result "1-0"]
[WhiteElo "2137"]
[BlackElo "1816"]
[Annotator "TA"]
[PlyCount "87"]
[EventDate "2020.08.07"]
[EventType "swiss (blitz)"]

{[%evp 10,87,44,43,86,81,105,109,108,53,172,69,135,126,137,108,99,97,124,49,114,66,94,-61,-58,-48,-29,-55,-75,-176,-172,-242,-137,-123,-61,-87,-91,-104,-101,-211,-134,-249,-260,-597,-585,-580,45,40,42,0,0,-58,893,922,893,-222,1281,1214,29982,29976,29989,29990,29991,29990,29989,29988,29991,29990,29998,29996,29998,29997,29997,29996,29996,29997,29997,29996,29997,29988]} 1. d4 e6 2. e4 d5 3. Nd2 dxe4 4. Nxe4 Nf6 5. Nxf6+ Qxf6 6. Nf3 Bd7 {C10: French with 3 Nc3: Unusual Black 3rd moves and 3...dxe4.} 7. Bg5 Qf5 8. Bd3 Qa5+ {White is better.} 9. c3 (9. Bd2 $16 Qh5 10. O-O) 9... Be7 {[#]} (9... Bb5 $14) 10. Bd2 $146 (10. Bxe7 $18 Kxe7 11. O-O) ({Predecessor:} 10. Bxe7 Kxe7 11. Ne5 f6 12. Qg4 g5 13. Qh5 fxe5 14. Qxg5+ Kd6 15. b4 Qd5 16. c4 Qxd4 {1-0 (28) Makilla,T (1948)-Franz,A Hofheim 2013}) 10... Nc6 (10... c5 $14) 11. b4 $16 Qh5 12. h3 f6 13. a4 e5 14. d5 (14. b5 $16) 14... Nb8 (14... Nd8 $14) 15. c4 c6 16. Rg1 $2 (16. b5 $16) 16... cxd5 $15 17. cxd5 Qf7 18. Bc4 Bd6 19. Ba2 (19. Ke2 $17 {was necessary.}) 19... O-O $19 20. Qc2 (20. Rc1 $142) 20... f5 (20... Rc8 $19 21. Qe4 Na6) 21. Ng5 $17 Qg6 (21... Qf6 $17 22. Ne6 Rc8) 22. Ne6 $15 Na6 23. Nxf8 Rxf8 24. Rb1 (24. Bc4 $17) 24... Rc8 {[%mdl 1024] Black has strong compensation.} 25. Qd3 (25. Qb3 $17) 25... e4 $19 26. Qe2 $2 (26. Qd4 {is more resistant.} f4 27. Rb2 (27. Qxa7 $2 e3 $19)) 26... f4 27. Rc1 f3 $2 ({Black should play} 27... Rxc1+ $19 28. Bxc1 Nxb4) 28. Rxc8+ $14 Bxc8 29. Qe3 {Strongly threatening Bb1.} (29. Qc4 $5 {[%cal Rc4c8]} Bd7 30. g3 $11) 29... Bxh3 30. Bb1 (30. Qxa7 $2 Qf6 $19) ({Better is} 30. g4 $11 Nxb4 31. Bb1 Nd3+ 32. Bxd3 exd3 33. Qxf3) 30... Qxg2 $2 {[%mdl 8192]} (30... Bf5 $15) 31. Rxg2 $18 fxg2 {[#]} 32. Qg5 $4 {[%mdl 8192]} (32. f4 $1 $18 {is the narrow road to win.}) 32... g1=Q+ $4 {[%mdl 8192]} (32... Bh2 $19 33. b5 (33. Qd8+ $2 Kf7 $19) 33... Nb8) 33. Qxg1 g6 34. Bxe4 {White mates.} Bf5 35. Bxf5 Kg7 {[#]} 36. Bxg6 $1 hxg6 37. Bc3+ Kh7 38. Qg5 Bf4 39. Qxf4 g5 40. Qf7+ Kh6 41. Qf6+ Kh5 42. f3 Kh4 43. Qh8+ Kg3 44. Be5+ {Accuracy: White = 22%, Black = 41%.} 1-0

[Event "Stay Safe Play From Home 364"]
[Site "Emanuel Lasker Arena"]
[Date "2020.08.07"]
[Round "2"]
[White "Hickey"]
[Black "BrainThinker22"]
[Result "0-1"]
[WhiteElo "2106"]
[BlackElo "2333"]
[Annotator "NA"]
[PlyCount "80"]
[EventDate "2020.08.07"]
[EventType "swiss (blitz)"]

1. Nf3 {[%emt 0:00:01]} d5 {[%emt 0:00:01]} 2. g3 {[%emt 0:00:00]} e6 {[%emt 0:00:00]} 3. Bg2 {[%emt 0:00:00]} c5 {[%emt 0:00:00]} 4. O-O {[%emt 0:00:00]} Nc6 {[%emt 0:00:00]} 5. b3 {[%emt 0:00:00]} Nf6 {[%emt 0:00:00]} 6. Bb2 {[%emt 0:00:00]} Be7 {[%emt 0:00:00]} 7. c4 {[%emt 0:00:01]} O-O {[%emt 0:00:00]} 8. cxd5 {[%emt 0:00:01]} exd5 {[%emt 0:00:00]} 9. d4 {[%emt 0:00:01]} Be6 {[%emt 0:00:03]} 10. Nc3 {[%emt 0:00:01]} Rc8 {[%emt 0:00:01]} 11. Rc1 {[%emt 0:00:01]} c4 {[%emt 0:00:01]} 12. bxc4 {[%emt 0:00:02]} dxc4 {[%emt 0:00:00]} 13. e4 {[%emt 0:00:01]} Bg4 {[%emt 0:00:01]} 14. d5 {[%emt 0:00:03]} Ne5 {[%emt 0:00:01]} 15. h3 {[%emt 0:00:03]} Bxf3 {[%emt 0:00:01]} 16. Bxf3 {[%emt 0:00:01]} Nd3 {[%emt 0:00:01]} 17. Rb1 {[%emt 0:00:01]} a6 {[%emt 0:00:03]} 18. a4 {[%emt 0:00:03]} Qa5 {[%emt 0:00:03]} 19. Qc2 {[%emt 0:00:01]} b5 {[%emt 0:00:02]} 20. axb5 {[%emt 0:00:01]} axb5 {[%emt 0:00:00]} 21. Be2 {[%emt 0:00:01]} b4 {[%emt 0:00:05]} 22. Nd1 {[%emt 0:00:06]} Nxb2 {[%emt 0:00:06]} 23. Nxb2 {[%emt 0:00:02]} c3 {[%emt 0:00:01]} 24. Nc4 {[%emt 0:00:01]} Qc5 {[%emt 0:00:02]} 25. Bd3 {[%emt 0:00:05]} Bd6 {[%emt 0:00:04]} 26. Kg2 {[%emt 0:00:02]} Nd7 {[%emt 0:00:02]} 27. f4 {[%emt 0:00:01]} Qd4 {[%emt 0:00:01]} 28. e5 {[%emt 0:00:07]} Bc5 {[%emt 0:00:02]} 29. Bxh7+ {[%emt 0:00:02]} Kh8 {[%emt 0:00:01]} 30. Nd6 {[%emt 0:00:02]} Qxd5+ {[%emt 0:00:03]} 31. Be4 {[%emt 0:00:01]} Qe6 {[%emt 0:00:03]} 32. Qe2 {[%emt 0:00:01]} Bxd6 {[%emt 0:00:01]} 33. exd6 {[%emt 0:00:01]} Qxd6 {[%emt 0:00:02]} 34. Rbd1 {[%emt 0:00:01]} Qh6 {[%emt 0:00:02]} 35. Rxd7 {[%emt 0:00:01]} c2 {[%emt 0:00:00]} 36. Bxc2 {[%emt 0:00:01]} Rce8 {[%emt 0:00:00]} 37. Qd3 {[%emt 0:00:00]} Qc6+ {[%emt 0:00:01]} 38. Rf3 {[%emt 0:00:02]} Qh6 {[%emt 0:00:00]} 39. Rd6 {[%emt 0:00:01]} Re2+ {[%emt 0:00:00]} 40. Qxe2 {[%emt 0:00:01]} Rg8 {[%emt 0:00:00] Time Time Time Time Time (Lag: Av=0.61s, max=1.0s) (Lag: Av=0.61s, max=1.0s) (Lag: Av=0.61s, max=1.0s) (Lag: Av=0.61s, max=1.0s) (Lag: Av=0.61s, max=1.0s)} 0-1

[Event "Stay Safe Play From Home 364"]
[Site "Emanuel Lasker Arena"]
[Date "2020.08.07"]
[Round "2"]
[White "TheCHESSHOUSE"]
[Black "NTBT_DHS"]
[Result "0-1"]
[WhiteElo "2057"]
[BlackElo "2582"]
[Annotator "TA"]
[PlyCount "72"]
[EventDate "2020.08.07"]
[EventType "swiss (blitz)"]

{[%evp 9,72,12,54,39,29,42,23,22,65,44,58,50,61,31,41,41,92,59,108,99,83,0,0,0,0,0,43,0,0,-33,150,-24,69,0,0,-39,-37,-179,-174,-183,-172,-235,-218,-244,-242,-232,-224,-207,-132,-217,-212,-255,-203,-233,-220,-255,-237,-349,-324,-833,-824,-1039,-1031,-1389,-1365]} 1. d4 Nf6 2. c4 d5 3. cxd5 Nxd5 4. Nc3 e6 5. Nf3 Bb4 6. Bd2 {D38: Queen's Gambit Declined: Ragozin Defence (4 Nf3 Bb4).} O-O 7. e4 Nxc3 8. bxc3 {White has an edge.} Ba5 9. Bc4 c5 10. O-O Nc6 {[%cal Rc5d4] [#]} 11. d5 $146 ({Predecessor:} 11. Rc1 Bb6 12. Bg5 f6 13. Be3 Qe7 14. Qe2 Na5 15. Bd3 Bd7 16. Nd2 Rac8 17. Nc4 Nxc4 18. Bxc4 cxd4 19. cxd4 {1-0 (38) Jakovenko,D (2731)-Golub,D (2305) Legnica 2013}) 11... exd5 12. exd5 Nb8 (12... Ne7 $14) 13. Qb3 a6 14. a4 $36 {[%mdl 2048] Black is under strong pressure.} Nd7 15. d6 (15. Rfe1 $16) 15... Nb6 $1 $11 16. Bf4 Nxc4 17. Qxc4 b6 (17... Be6 $5 {[%cal Re6c4]} 18. Qe4 Qc8 $11) 18. Qd5 Be6 19. Qd3 {Threatening Ng5.} Ra7 $2 {[#]} (19... Qf6 $1 $15 {stays ahead.} 20. Be5 Qf5) 20. c4 $2 (20. Ng5 $1 $16 {[%csl Gg5][%cal Rd3h7]} g6 21. Nxe6 fxe6 22. Be5) 20... h6 (20... f6 $11) 21. Rfd1 (21. Ne5 $14) 21... Qf6 22. Be5 Qf5 23. h3 {This move loses the game for White.} ({White should try} 23. Qxf5 $15 Bxf5 24. Bf4) 23... Qxd3 $19 24. Rxd3 Bxc4 25. Rdd1 (25. Re3 $142) 25... f6 26. Bg3 Rd8 27. Nh4 Kf7 28. Nf5 Be6 29. Ne3 (29. Ne7 $17 {was worth a try.}) 29... Rad7 30. Rab1 Bb4 31. Nc2 {[#]} a5 $1 32. Ne3 g5 33. Kh2 (33. Nc2 {was called for.}) 33... f5 {...f4 is the strong threat.} 34. Rb2 $2 (34. Be5) 34... f4 {Black is clearly winning.} 35. Bxf4 gxf4 36. Nd5 Rxd6 {Accuracy: White = 26%, Black = 64%.} 0-1

[Event "Stay Safe Play From Home 364"]
[Site "Emanuel Lasker Arena"]
[Date "2020.08.07"]
[Round "2"]
[White "Lazieri3"]
[Black "Klasman"]
[Result "1-0"]
[WhiteElo "2047"]
[BlackElo "1393"]
[Annotator "RC"]
[PlyCount "51"]
[EventDate "2020.08.07"]
[EventType "swiss (blitz)"]

1. f3 {[%emt 0:00:01]} f5 {[%emt 0:00:02]} 2. g3 {[%emt 0:00:00]} e5 {[%emt 0:00:01]} 3. Bg2 {[%emt 0:00:00]} d5 {[%emt 0:00:01]} 4. d4 {[%emt 0:00:01]} e4 {[%emt 0:00:02]} 5. fxe4 {[%emt 0:00:01]} dxe4 {[%emt 0:00:01]} 6. e3 {[%emt 0:00:00]} Nf6 {[%emt 0:00:02]} 7. Ne2 {[%emt 0:00:01]} c5 {[%emt 0:00:01]} 8. c3 {[%emt 0:00:01]} Bd6 {[%emt 0:00:05]} 9. O-O {[%emt 0:00:02]} Be6 {[%emt 0:00:03]} 10. Nf4 {[%emt 0:00:01]} Qd7 {[%emt 0:00:02]} 11. Nxe6 {[%emt 0:00:01]} Qxe6 {[%emt 0:00:01]} 12. Nd2 {[%emt 0:00:00]} Nc6 {[%emt 0:00:02]} 13. Qb3 {[%emt 0:00:01]} Qxb3 {[%emt 0:00:02]} 14. Nxb3 {[%emt 0:00:00]} g6 {[%emt 0:00:01]} 15. dxc5 {[%emt 0:00:02]} Be5 {[%emt 0:00:03]} 16. Nd4 {[%emt 0:00:01]} O-O {[%emt 0:00:05]} 17. a3 {[%emt 0:00:02]} a6 {[%emt 0:00:03]} 18. b4 {[%emt 0:00:01]} Rad8 {[%emt 0:00:02]} 19. Bb2 {[%emt 0:00:01]} a5 {[%emt 0:00:01]} 20. Rfd1 {[%emt 0:00:03]} axb4 {[%emt 0:00:02]} 21. axb4 {[%emt 0:00:00]} Ne7 {[%emt 0:00:05]} 22. Ne6 {[%emt 0:00:02]} Ned5 {[%emt 0:00:05]} 23. Nxd8 {[%emt 0:00:01]} Rxd8 {[%emt 0:00:02]} 24. Ra7 {[%emt 0:00:03]} Nxb4 {[%emt 0:00:04]} 25. Rxd8+ {[%emt 0:00:01]} Kg7 {[%emt 0:00:02]} 26. Rxb7+ {[%emt 0:00:00] Time Time Time Time Time (Lag: Av=0.55s, max=0.8s) (Lag: Av=0.55s, max=0.8s) (Lag: Av=0.55s, max=0.8s) (Lag: Av=0.55s, max=0.8s) (Lag: Av=0.55s, max=0.8s)} 1-0

[Event "Stay Safe Play From Home 364"]
[Site "Emanuel Lasker Arena"]
[Date "2020.08.07"]
[Round "2"]
[White "Buzaglo"]
[Black "Ao017545"]
[Result "1-0"]
[WhiteElo "1817"]
[BlackElo "1702"]
[Annotator "NA"]
[PlyCount "87"]
[EventDate "2020.08.07"]
[EventType "swiss (blitz)"]

1. d4 {[%emt 0:00:02]} e5 {[%emt 0:00:00]} 2. Nf3 {[%emt 0:00:00]} exd4 {[%emt 0:00:02]} 3. Nxd4 {[%emt 0:00:01]} Bc5 {[%emt 0:00:03]} 4. Nf3 {[%emt 0:00:00]} Nf6 {[%emt 0:00:02]} 5. g3 {[%emt 0:00:00]} Ne4 {[%emt 0:00:03]} 6. e3 {[%emt 0:00:02]} Qf6 {[%emt 0:00:02]} 7. Bg2 {[%emt 0:00:00]} d6 {[%emt 0:00:01]} 8. O-O {[%emt 0:00:01]} Bg4 {[%emt 0:00:00]} 9. Nbd2 {[%emt 0:00:02]} d5 {[%emt 0:00:03]} 10. c4 {[%emt 0:00:03]} Nxd2 {[%emt 0:00:04]} 11. Bxd2 {[%emt 0:00:03]} dxc4 {[%emt 0:00:01]} 12. h3 {[%emt 0:00:02]} Bh5 {[%emt 0:00:05]} 13. g4 {[%emt 0:00:01]} Bg6 {[%emt 0:00:01]} 14. Qc2 {[%emt 0:00:04]} O-O {[%emt 0:00:01]} 15. Qxc4 {[%emt 0:00:04]} Bd6 {[%emt 0:00:03]} 16. Bc3 {[%emt 0:00:02]} Qe7 {[%emt 0:00:03]} 17. Nd4 {[%emt 0:00:05]} Nd7 {[%emt 0:00:02]} 18. Nb5 {[%emt 0:00:02]} Ne5 {[%emt 0:00:03]} 19. Qb3 {[%emt 0:00:04]} c6 {[%emt 0:00:07]} 20. Nxd6 {[%emt 0:00:02]} Qxd6 {[%emt 0:00:00]} 21. Rad1 {[%emt 0:00:01]} Qc7 {[%emt 0:00:02]} 22. Bxe5 {[%emt 0:00:00]} Qxe5 {[%emt 0:00:02]} 23. Qxb7 {[%emt 0:00:01]} Rab8 {[%emt 0:00:00]} 24. Qxc6 {[%emt 0:00:01]} Rxb2 {[%emt 0:00:01]} 25. Qc1 {[%emt 0:00:02]} Rxa2 {[%emt 0:00:02]} 26. Qc6 {[%emt 0:00:01]} Rb2 {[%emt 0:00:00]} 27. Rd5 {[%emt 0:00:01]} Rb6 {[%emt 0:00:00]} 28. Rxe5 {[%emt 0:00:01]} Rxc6 {[%emt 0:00:00]} 29. Re7 {[%emt 0:00:00]} Re6 {[%emt 0:00:01]} 30. Rxa7 {[%emt 0:00:00]} Re5 {[%emt 0:00:01]} 31. Bd5 {[%emt 0:00:00]} Be4 {[%emt 0:00:00]} 32. Bxe4 {[%emt 0:00:02]} Rxe4 {[%emt 0:00:00]} 33. Rb7 {[%emt 0:00:00]} Re5 {[%emt 0:00:00]} 34. Rfb1 {[%emt 0:00:00]} Rfe8 {[%emt 0:00:00]} 35. f4 {[%emt 0:00:00]} R5e7 {[%emt 0:00:01]} 36. Kg2 {[%emt 0:00:00]} Rxb7 {[%emt 0:00:01]} 37. Rb2 {[%emt 0:00:00]} g6 {[%emt 0:00:00]} 38. Rc2 {[%emt 0:00:00]} Rb2 {[%emt 0:00:00]} 39. Rxb2 {[%emt 0:00:02]} Rxe3 {[%emt 0:00:00]} 40. Rb8+ {[%emt 0:00:00]} Kg7 {[%emt 0:00:02]} 41. Kf2 {[%emt 0:00:00]} Re2+ {[%emt 0:00:00]} 42. Kxe2 {[%emt 0:00:01]} f6 {[%emt 0:00:00]} 43. Kf3 {[%emt 0:00:00]} Kh6 {[%emt 0:00:00]} 44. g5+ {[%emt 0:00:00] Zaman Zaman Zaman Zaman Zaman (Lag: Av=0.86s, max=1.3s) (Lag: Av=0.86s, max=1.3s) (Lag: Av=0.86s, max=1.3s) (Lag: Av=0.86s, max=1.3s) (Lag: Av=0.86s, max=1.3s)} 1-0

[Event "Stay Safe Play From Home 364"]
[Site "Emanuel Lasker Arena"]
[Date "2020.08.07"]
[Round "2"]
[White "Trotsky"]
[Black "Cirovicz"]
[Result "0-1"]
[WhiteElo "1556"]
[BlackElo "1783"]
[Annotator "NA RC"]
[PlyCount "52"]
[EventDate "2020.08.07"]
[EventType "swiss (blitz)"]

1. d4 {[%emt 0:00:03]} e6 {[%emt 0:00:01]} 2. e3 {[%emt 0:00:00]} Nf6 {[%emt 0:00:00]} 3. c4 {[%emt 0:00:00]} c5 {[%emt 0:00:00]} 4. Nc3 {[%emt 0:00:00]} cxd4 {[%emt 0:00:00]} 5. exd4 {[%emt 0:00:01]} Nc6 {[%emt 0:00:00]} 6. Be3 {[%emt 0:00:01]} d5 {[%emt 0:00:00]} 7. a3 {[%emt 0:00:00]} dxc4 {[%emt 0:00:01]} 8. Bxc4 {[%emt 0:00:01]} Bd7 {[%emt 0:00:00]} 9. Nf3 {[%emt 0:00:01]} Bd6 {[%emt 0:00:00]} 10. Qc2 {[%emt 0:00:01]} Qc7 {[%emt 0:00:00]} 11. Bd3 {[%emt 0:00:01]} a6 {[%emt 0:00:01]} 12. h4 {[%emt 0:00:01]} h5 {[%emt 0:00:02]} 13. O-O-O {[%emt 0:00:01]} e5 {[%emt 0:00:02]} 14. Ng5 {[%emt 0:00:01]} Bg4 {[%emt 0:00:05]} 15. f3 {[%emt 0:00:01]} exd4 {[%emt 0:00:01]} 16. Nxf7 {[%emt 0:00:03]} Kxf7 {[%emt 0:00:02]} 17. Bg6+ {[%emt 0:00:01]} Kf8 {[%emt 0:00:01]} 18. Bxd4 {[%emt 0:00:03]} Nxd4 {[%emt 0:00:01]} 19. Rxd4 {[%emt 0:00:01]} Be5 {[%emt 0:00:02]} 20. Rhd1 {[%emt 0:00:10]} Bxd4 {[%emt 0:00:01]} 21. Rxd4 {[%emt 0:00:01]} Be6 {[%emt 0:00:02]} 22. g4 {[%emt 0:00:03]} hxg4 {[%emt 0:00:02]} 23. fxg4 {[%emt 0:00:01]} Rxh4 {[%emt 0:00:01]} 24. Qd3 {[%emt 0:00:04]} Rxg4 {[%emt 0:00:03]} 25. Rxg4 {[%emt 0:00:02]} Bxg4 {[%emt 0:00:01]} 26. Qg3 {[%emt 0:00:07]} Qxg3 {[%emt 0:00:02] Trotsky Ñäàåòñÿ Trotsky Ñäàåòñÿ Trotsky Ñäàåòñÿ Trotsky Ñäàåòñÿ Trotsky Ñäàåòñÿ (Lag: Av=0.59s, max=0.7s) (Lag: Av=0.59s, max=0.7s) (Lag: Av=0.59s, max=0.7s) (Lag: Av=0.59s, max=0.7s) (Lag: Av=0.59s, max=0.7s)} 0-1

[Event "Stay Safe Play From Home 364"]
[Site "Emanuel Lasker Arena"]
[Date "2020.08.07"]
[Round "2"]
[White "Dreamsoldier"]
[Black "AChessPlayer"]
[Result "0-1"]
[WhiteElo "1267"]
[BlackElo "2389"]
[Annotator "RC"]
[PlyCount "46"]
[EventDate "2020.08.07"]
[EventType "swiss (blitz)"]

1. e4 {[%emt 0:00:02]} c6 {[%emt 0:00:01]} 2. Nf3 {[%emt 0:00:01]} d5 {[%emt 0:00:00]} 3. exd5 {[%emt 0:00:00]} cxd5 {[%emt 0:00:01]} 4. d4 {[%emt 0:00:00]} Nc6 {[%emt 0:00:00]} 5. Be3 {[%emt 0:00:00]} Bg4 {[%emt 0:00:00]} 6. Bb5 {[%emt 0:00:00]} e6 {[%emt 0:00:01]} 7. Bxc6+ {[%emt 0:00:00]} bxc6 {[%emt 0:00:01]} 8. Nbd2 {[%emt 0:00:00]} Bd6 {[%emt 0:00:01]} 9. h3 {[%emt 0:00:00]} Bxf3 {[%emt 0:00:01]} 10. c3 {[%emt 0:00:00]} Ne7 {[%emt 0:00:00]} 11. Qxf3 {[%emt 0:00:01]} O-O {[%emt 0:00:01]} 12. Nb3 {[%emt 0:00:00]} a5 {[%emt 0:00:01]} 13. O-O {[%emt 0:00:02]} a4 {[%emt 0:00:00]} 14. Nc5 {[%emt 0:00:01]} Bxc5 {[%emt 0:00:01]} 15. dxc5 {[%emt 0:00:00]} Qd7 {[%emt 0:00:00]} 16. b4 {[%emt 0:00:01]} e5 {[%emt 0:00:03]} 17. Bg5 {[%emt 0:00:02]} f6 {[%emt 0:00:01]} 18. Bh4 {[%emt 0:00:01]} Qe6 {[%emt 0:00:01]} 19. Bg3 {[%emt 0:00:01]} Ng6 {[%emt 0:00:01]} 20. Rfe1 {[%emt 0:00:02]} f5 {[%emt 0:00:02]} 21. Rad1 {[%emt 0:00:02]} f4 {[%emt 0:00:01]} 22. Bh2 {[%emt 0:00:02]} e4 {[%emt 0:00:01]} 23. Qe2 {[%emt 0:00:03]} Rae8 {[%emt 0:00:03]} 0-1

[Event "Stay Safe Play From Home 364"]
[Site "Emanuel Lasker Arena"]
[Date "2020.08.07"]
[Round "3"]
[White "NTBT_DHS"]
[Black "Lamborghini"]
[Result "1-0"]
[WhiteElo "2583"]
[BlackElo "2322"]
[Annotator "TA"]
[PlyCount "21"]
[EventDate "2020.08.07"]
[EventType "swiss (blitz)"]

{[%evp 10,21,27,14,133,131,314,111,1196,1185,1189,1175,1170,1147]} 1. e4 c5 2. Nf3 d6 3. Nc3 {[%cal Bb1c3,Bc3b5,Bb5c7,Bc7a8][%mdl 32]} Nf6 4. e5 dxe5 5. Nxe5 Nbd7 6. Nc4 {[#]} b5 $146 {B50: Sicilian: 2...d6, Miscellaneous.} (6... Nb6 $11 {remains equal.}) ({Predecessor:} 6... e6 7. g3 Rb8 8. a4 Be7 9. Bg2 O-O 10. O-O b6 11. d3 Bb7 12. Bf4 Bxg2 13. Kxg2 Rc8 14. Qf3 Nb8 15. Bxb8 Rxb8 {½-½ (68) Artemiev,V (2731)-Korobov,A (2670) Bucharest 2019}) 7. Nxb5 $16 Bb7 $2 {[#]} (7... Nb6 $16 {was called for.}) 8. d3 $2 (8. Qe2 $1 $18 {[%csl Gb5][%cal Rc4d6] is the precise move to win.} e6 9. Ncd6+ Bxd6 10. Nxd6+ Ke7 11. Nxb7) 8... Qb6 $2 {[%mdl 8192]} (8... Qb8 $16) 9. Nxb6 $18 {White is clearly winning.} axb6 10. Nc7+ {[%mdl 64] Double Attack} Kd8 11. Nxa8 {White took control after the opening.} 1-0

[Event "Stay Safe Play From Home 364"]
[Site "Emanuel Lasker Arena"]
[Date "2020.08.07"]
[Round "3"]
[White "AChessPlayer"]
[Black "Lazieri3"]
[Result "1-0"]
[WhiteElo "2389"]
[BlackElo "2048"]
[Annotator "TA"]
[PlyCount "67"]
[EventDate "2020.08.07"]
[EventType "swiss (blitz)"]

{[%evp 11,67,14,22,22,29,0,35,33,42,43,60,55,52,33,54,43,52,44,309,311,362,360,360,360,361,325,350,347,337,307,486,488,472,464,748,387,630,444,450,442,736,409,424,400,412,369,479,474,458,403,858,858,1038,1036,29984,1028,1002,951]} 1. Nf3 c6 2. g3 d5 3. Bg2 Nf6 4. d3 Bf5 5. O-O e6 6. Nbd2 h6 7. b3 {[%cal Bb2b3,Bb3b4][%mdl 32] A07: Réti Opening: New York and Capablanca Systems.} Bb4 {[#]} 8. a3 $146 ({Predecessor:} 8. Bb2 Bxd2 9. Nxd2 O-O 10. e4 dxe4 11. dxe4 Bh7 12. Qe2 Re8 13. Nc4 Na6 14. Rfd1 Qe7 {1-0 (52) Vinke,D (2166)-Hauge,T (2037) Drammen 2018}) 8... Ba5 9. b4 {White is slightly better.} Bb6 10. Bb2 Nbd7 11. c4 O-O 12. Qb3 a6 13. Rac1 Bc7 14. cxd5 {[%mdl 64] [#] Overworked Piece} Nxd5 $2 {[%mdl 8192]} (14... cxd5 $14 15. e4 dxe4 16. dxe4 Bh7) 15. e4 $18 {[%mdl 64] Double Attack} Bg6 16. exd5 exd5 17. Rfe1 Nf6 18. Ne5 Bh7 19. Ndf3 Re8 20. a4 a5 (20... Bd6 {might work better.} 21. Bh3 Qb6) 21. b5 cxb5 22. Qxb5 {Hoping for Nxf7!} Bd6 (22... Re7 $142 23. Bh3 Bd6) 23. Bd4 Rc8 $2 (23... Re7 24. Bc3 Bf5) 24. Rxc8 Qxc8 25. Qxa5 Qc2 (25... Re7 $142 26. g4 Qc7) 26. Qd2 Qxa4 27. Ra1 Qb5 28. Qb2 Bxd3 29. Nxd3 Qxd3 30. Qxb7 {Threatens to win with Bxf6.} Ne4 (30... Qf5 $142 31. Ra7 Rf8 32. Bxf6 Qxf6 33. Qxd5 Rd8) 31. Qxd5 Rb8 32. Ne1 Rb1 33. Rxb1 (33. Bxe4 $142 Qxe4 34. Ra8+ Rb8 35. Rxb8+ Bxb8 36. Qxe4 Kf8 {[#]} 37. Qa8 $1 {[%mdl 512]} Ke7 38. Qxb8) 33... Qxb1 34. Qa8+ {Black got outplayed after the opening. Accuracy: White = 57%, Black = 28%.} 1-0